Sports Quiz

Random Sports or MLB Quiz

MLB: Late Round Stars Slideshow Quiz Stats

 Plays Quiz Updated Jul 25, 2017

Support Sporcle.
Go Orange.
Score 0/20 Timer 06:00
1 Play Today
% Correct
Mike Piazza
93.8%
John Smoltz
83.6%
Jorge Posada
82.1%
Keith Hernandez
75.6%
Andy Pettitte
70.2%
Ryne Sandberg
69.2%
Mark Buehrle
69%
Jeff Kent
68.7%
Ken Griffey Sr.
65.6%
Roy Oswalt
65.1%
% Correct
Kenny Rogers
63%
Raul Ibanez
55%
Travis Hafner
54%
Mark Grace
51.9%
Darren Daulton
38.7%
Brett Butler
37%
Robb Nen
33.8%
Dusty Baker
29.3%
Orlando Hudson
24.1%
Mike Hargrove
20.7%

You're not logged in!

Compare scores with friends on all Sporcle quizzes.
OR
Log In
Forgot?

From the Vault

Save the Severed Music Artists!

by MSUKent

Something horrible has happened to these musicians.
Remove Ads.
Support Sporcle.
Get the best of Sporcle when you Go Orange. This ad-free experience offers more features, more stats, and more fun while also helping to support Sporcle. Thank you for becoming a member.

Show Comments

Extras

Top Quizzes Today


Score Distribution

Your Account Isn't Verified!

In order to create a playlist on Sporcle, you need to verify the email address you used during registration. Go to your Sporcle Settings to finish the process.

Report this User

Report this user for behavior that violates our Community Guidelines.

Details: